01002cam a2200313 i 450000100090000000300040000900500170001300800410003001000170007102000180008804000230010604200080012904300120013705000230014908200180017210000380019024500610022826400410028930000530033033600260038333700280040933800270043750400570046460000190052165000460054065000360058665000450062265000210066720083256OSt20231108120213.0171019s2013 sa a b 000 0beng  a 2017455031 a9780620538978 aDLCbengerdacDLC apcc af-sa---04aBP80.D42bV34 2013 a297.74bVAH/A1 aVahed, Goolam H.,d1961-eauthor.10aAhmed Deedat :bthe man and his mission /cGoolam Vahed. 1aDurban, South Africa :biPCi,c2013. a288 pages :billustrations (some color) ;c24 cm atextbtxt2rdacontent aunmediatedbn2rdamedia avolumebnc2rdacarrier aIncludes bibliographical references (pages 284-288).10aDeedat, Ahmed. 0aMuslim scholarszSouth AfricavBiography. 0aIslamxRelationsxChristianity. 0aChristianity and other religionsxIslam. 0aDaʻwah (Islam).